000 00570nam a2200205Ia 4500
005 20250508152656.0
008 008 250505s9999 xx 000 0 eng d
037 _aBooks to be hide in OPAC
040 _aFEDL
_beng
_cFEDL
041 _aeng
_2eng
084 _a700, LAL/O
_qFEDL
100 _aKhandalavala Karl Ed.
_9464818
245 0 _aLalit kala
260 _aJaipur, India
_bLalit Kala Akademi
300 _a68p.
546 _aNo. 6, October 1959
700 _a Chandra Moti Ed.
_9762113
942 _cHB
_h700, LAL/O
999 _c1337979
_d1337979